Normal view
MARC view
Entry Personal Name
001 - CONTROL NUMBER
- control field: 24191
003 - CONTROL NUMBER IDENTIFIER
- control field: ARRUPE
005 - DATE AND TIME OF LATEST TRANSACTION
- control field: 20160428093839.0
008 - FIXED-LENGTH DATA ELEMENTS
- fixed length control field: 160428|| aca||aabn | a|a d
040 ## - CATALOGING SOURCE
- Original cataloging agency: ARRUPE
- Transcribing agency: ARRUPE
100 ## - HEADING--PERSONAL NAME
- Personal name: Vann, Gerald,
- Dates associated with a name: 1906-1963.
670 ## - SOURCE DATA FOUND
- Source citation: Work cat.: (ARRUPE)0: Jordan, of Saxony, -1237. 24189, To heaven with Diana!, 2006